000 00453nam a2200169 a 4500
005 20140310183249.0
008 040922s19uu xx 00 eng d
020 _a0521797152
050 _aQC 23
_b.P578 2001
245 _aPhysics 2 /
260 _aU.S.A :
_bCambridge University Press,
_c2001.
300 _a166 p. :
_bcol. ill. ;
_c28 cm.
500 _aIncludes glossary and index.
650 _aPhysics.
942 _cBK
_2lcc
_kFOR
999 _c20745
_d20745